00000000cam 2200000zi 4500
0019.960257
003CaOODSP
00520260515145026
006m     o  d f      
007cr cn|||||||||
008260223t20262026onc     o    f000 0 fre d
020 |a9780660985879
040 |aCaOODSP|bfre|erda|cCaOODSP
043 |an-cn---
0861 |aSW21-173/1-2026F-PDF
24500|aRéponse de la direction et plan d'action pour l'évaluation du Programme de promotion de la femme (décembre 2025).
264 1|aOttawa (Ontario) : |bFemmes et égalité des genres Canada = Women and Gender Equality Canada, |c[2026]
264 4|c©2026
300 |a1 ressource en ligne (6 pages)
336 |atexte|btxt|2rdacontent/fre
337 |ainformatique|bc|2rdamedia/fre
338 |aressource en ligne|bcr|2rdacarrier/fre
500 |aPublié aussi en anglais sous le titre : Management response and action plan for the Women's Program evaluation(December 2025).
61016|aCanada. |bFemmes et égalité des genres Canada|xÉvaluation.
650 6|aFemmes|xDroits|xPolitique gouvernementale|zCanada.
650 6|aDiscrimination à l'égard des femmes|xPolitique gouvernementale|zCanada.
7101 |aCanada. |bFemmes et égalité́ des genres Canada, |eorganisme de publication.
77508|tManagement response and action plan for the Women's Program evaluation (December 2025).|w(CaOODSP)9.960256
795 |tSommaire et réponse de la direction a l'Évaluation du Programme de promotion de la femme |w(CaOODSP)9.853472
85640|qPDF|s485 Ko|uhttps://publications.gc.ca/collections/collection_2026/fegc-wage/SW21-173-1-2026-fra.pdf
8564 |qHTML|sS.O.|uhttps://www.canada.ca/fr/femmes-egalite-genres/transparence/rapports-evaluation/evaluation-programme-promotion-femme/pf-reponse-direction-plan-action.html